| 000 | 00517nam a22001577a 4500 | ||
|---|---|---|---|
| 003 | NUST | ||
| 038 | _aNusrat Nadeem | ||
| 082 | _a200 | ||
| 100 |
_aKhattak, Javeria _9133089 |
||
| 245 |
_aIntelligent Control Of Renewable Energy-Powered Tethered UAV Systems/ _c Javeria Khattak, |
||
| 264 |
_aIslamabad: _bSEECS NUST. _c2025. |
||
| 650 |
_aMS-Electrical Engineering _923567 |
||
| 700 |
_aSupervisor: Dr. Muhammad Imran _9114423 |
||
| 856 | _u http://10.250.8.41:8080/xmlui/handle/123456789/57201 | ||
| 942 |
_2ddc _cSC |
||
| 999 |
_c616083 _d616083 |
||